Farmi Suomi visa - Statistics

Yleistilastot
  • Tätä visaa on pelattu 64 kertaa
  • Keskiarvotulos 37 / 55
Vastaustilastot
Kysymys Laatta Select % Oikein
Valitse henkilöt jotka olleet Farmi Suomen juontajana Antti Holma Ei
93%
Valitse henkilöt jotka olleet Farmi Suomen juontajana Kirsi Alm-siira Ei
93%
Valitse henkilöt jotka olleet Farmi Suomen juontajana Marja Hintikka Ei
93%
Valitse henkilöt jotka olleet Farmi Suomen juontajana Miia Nuutila Ei
91%
Valitse henkilöt jotka olleet Farmi Suomen juontajana Janne Kataja Ei
90%
Valitse henkilöt jotka ovat osallistuneet Farmi Suomi kilpailuun Katja Ståhl Ei
90%
Valitse henkilöt jotka olleet Farmi Suomen juontajana Susanna Laine Kyllä
90%
Valitse henkilöt jotka on voittaneet Farmi Suomen Gogi Mavromichalis Ei
86%
Valitse henkilöt jotka ovat osallistuneet Farmi Suomi kilpailuun Sara Sieppi Ei
86%
Ketkä ovat saapuneet kesken kauden farmille tai tehneet paluun farmille? Sauli Koskinen Ei
86%
Valitse henkilöt jotka on voittaneet Farmi Suomen Veeti Kallio Ei
86%
Valitse henkilöt jotka olleet Farmi Suomen juontajana Heikki Paasonen Ei
84%
Valitse henkilöt jotka ovat osallistuneet Farmi Suomi kilpailuun Jaakko Parkkali Kyllä
84%
Valitse henkilöt jotka on voittaneet Farmi Suomen Teemu Laurell Ei
84%
Valitse henkilöt jotka ovat osallistuneet Farmi Suomi kilpailuun Petra Gargano Ei
83%
Valitse henkilöt jotka ovat osallistuneet Farmi Suomi kilpailuun Alina Voronkova Kyllä
81%
Valitse henkilöt jotka on voittaneet Farmi Suomen Janne Ahonen Ei
81%
Valitse henkilöt jotka on voittaneet Farmi Suomen Mikael Junger Ei
81%
Valitse henkilöt jotka ovat osallistuneet Farmi Suomi kilpailuun Satu Silvo Ei
79%
Valitse henkilöt jotka ovat osallistuneet Farmi Suomi kilpailuun Ilari Sahamies Ei
78%
Valitse henkilöt jotka on voittaneet Farmi Suomen Jari Isometsä Ei
78%
Valitse henkilöt jotka ovat osallistuneet Farmi Suomi kilpailuun Kristian Heiskari Kyllä
78%
Ketkä ovat saapuneet kesken kauden farmille tai tehneet paluun farmille? Jaakko Parkkali Ei
76%
Valitse henkilöt jotka ovat osallistuneet Farmi Suomi kilpailuun Rosanna Kulju Ei
76%
Valitse henkilöt jotka ovat osallistuneet Farmi Suomi kilpailuun Joona Hellman Kyllä
74%
Valitse henkilöt jotka ovat osallistuneet Farmi Suomi kilpailuun Sauli Koskinen Kyllä
74%
Valitse henkilöt jotka ovat osallistuneet Farmi Suomi kilpailuun Kalle Palander Ei
72%
Valitse henkilöt jotka ovat osallistuneet Farmi Suomi kilpailuun Esko Eerikäinen Ei
71%
Valitse henkilöt jotka on voittaneet Farmi Suomen Timo Lavikainen Kyllä
71%
Valitse henkilöt jotka on voittaneet Farmi Suomen Sami Jauhojärvi Kyllä
69%
Valitse henkilöt jotka ovat osallistuneet Farmi Suomi kilpailuun Tuuli Matinsalo Ei
69%
Valitse henkilöt jotka ovat osallistuneet Farmi Suomi kilpailuun Johanna Puhakka Kyllä
67%
Valitse henkilöt jotka ovat osallistuneet Farmi Suomi kilpailuun Tauski Peltonen Kyllä
67%
Ketkä ovat saapuneet kesken kauden farmille tai tehneet paluun farmille? Wallu Valpio Kyllä
67%
Valitse henkilöt jotka ovat osallistuneet Farmi Suomi kilpailuun Katri Utula Kyllä
64%
Valitse henkilöt jotka ovat osallistuneet Farmi Suomi kilpailuun Veeti Kallio Kyllä
62%
Valitse henkilöt jotka olleet Farmi Suomen juontajana Ellen Jokikunnas Kyllä
57%
Valitse henkilöt jotka on voittaneet Farmi Suomen Sampo Kaulanen Kyllä
57%
Ketkä ovat saapuneet kesken kauden farmille tai tehneet paluun farmille? Henny Harjusola Kyllä
55%
Ketkä ovat saapuneet kesken kauden farmille tai tehneet paluun farmille? Janne Ahonen Kyllä
53%
Valitse henkilöt jotka olleet Farmi Suomen juontajana Juuso Mäkilähde Kyllä
53%
Valitse henkilöt jotka on voittaneet Farmi Suomen Teemu Packalén Kyllä
53%
Valitse henkilöt jotka ovat osallistuneet Farmi Suomi kilpailuun Atte Kaleva Kyllä
52%
Valitse henkilöt jotka on voittaneet Farmi Suomen Noora Räty Kyllä
50%
Valitse henkilöt jotka ovat osallistuneet Farmi Suomi kilpailuun Anu Saagim Kyllä
48%
Valitse henkilöt jotka ovat osallistuneet Farmi Suomi kilpailuun Henna Kalinainen Kyllä
48%
Ketkä ovat saapuneet kesken kauden farmille tai tehneet paluun farmille? Juhana Helmenkalastaja Kyllä
48%
Valitse henkilöt jotka ovat osallistuneet Farmi Suomi kilpailuun Mariko Pajalahti Kyllä
47%
Ketkä ovat saapuneet kesken kauden farmille tai tehneet paluun farmille? Timo Lavikainen Ei
47%
Valitse henkilöt jotka ovat osallistuneet Farmi Suomi kilpailuun Daniel Lehtonen Kyllä
45%
Valitse henkilöt jotka ovat osallistuneet Farmi Suomi kilpailuun Noora Toivo Kyllä
43%
Valitse henkilöt jotka on voittaneet Farmi Suomen Kirsikka Simberg Kyllä
41%
Valitse henkilöt jotka ovat osallistuneet Farmi Suomi kilpailuun Taina Ojaniemi Kyllä
36%
Ketkä ovat saapuneet kesken kauden farmille tai tehneet paluun farmille? Daniel Lehtonen Kyllä
26%
Ketkä ovat saapuneet kesken kauden farmille tai tehneet paluun farmille? Raija Pelli Kyllä
24%
Ehtoja vastaavia visoja ei löytynyt
Tulosjakauma
Jokaisen tuloksen saaneiden osuus
Persentiili vastausten määrän mukaan
Tuloshistoriasi
Et ole pelannut tätä visaa